LIBRARY & INFORMATION CENTRE, KCAET, TAVANUR

ONLINE PUBLIC ACCESS CATALOGUE (OPAC)

Humourists of the eighteenth century / (Record no. 12543)

MARC details
000 -LEADER
fixed length control field 00363cam a2200145ua 4500
041 ## - LANGUAGE CODE
Language code of text/sound track or separate title eng
082 ## - DEWEY DECIMAL CLASSIFICATION NUMBER
Classification number 823.301
Item number URW/HU
100 ## - MAIN ENTRY--AUTHOR NAME
Personal name Urwin, G G .
245 ## - TITLE STATEMENT
Title Humourists of the eighteenth century /
260 ## - PUBLICATION, DISTRIBUTION, ETC. (IMPRINT)
Place of publication London :
Name of publisher John Murray ,
Year of publication 1962.
300 ## - PHYSICAL DESCRIPTION
Number of Pages 336 ; .
942 ## - ADDED ENTRY ELEMENTS (KOHA)
Koha item type Books
Holdings
Withdrawn status Lost status Damaged status Home library Current library Date acquired Cost, normal purchase price Full call number Accession Number Koha item type Public note
Withdrawn     KAUAET Sanskrit University 07/04/2012 7.60 823.301 7072 Books Transferred to Sanskrit University
free website counter